LEADER 00942nam0-2200301---450- 001 990008284190403321 005 20060227104540.0 010 $a0-262-08328-0 035 $a000828419 035 $aFED01000828419 035 $a(Aleph)000828419FED01 035 $a000828419 100 $a20060227d2003----km-y0itay50------ba 101 0 $aeng 102 $aUS 105 $a--------001yy 200 1 $aInequality in America$ewhat role for human capital policies?$eThe Alvin Hansen symposium on public policy Harvard University$fJames J. Heckman and Alan B. Krueger 210 $aCambridge, Mass.$cMIT Press$d2003 215 $aXIV-370 p.$d24 cm 700 1$aHeckman,$bJames Joseph$f<1944- >$0123412 701 1$aKrueger,$bAlan B.$0121964 801 0$aIT$bUNINA$gRICA$2UNIMARC 901 $aBK 912 $a990008284190403321 952 $aD6.192$b11314$fDECTS 959 $aDECTS 996 $aInequality in America$942647 997 $aUNINA LEADER 02865oam 22005414a 450 001 9910404131803321 005 20241204165354.0 010 $a1-60606-634-X 035 $a(CKB)4100000011302001 035 $a(OCoLC)1107159551 035 $a(MdBmJHUP)muse85644 035 $a(oapen)https://directory.doabooks.org/handle/20.500.12854/40841 035 $a(oapen)doab40841 035 $a(EXLCZ)994100000011302001 100 $a20190614h20192019 uy 0 101 0 $aeng 135 $aur|||||||nn|n 181 $ctxt$2rdacontent 182 $cc$2rdamedia 183 $acr$2rdacarrier 200 10$aAncient Carved Ambers in the J. Paul Getty Museum$fFaya Causey ; with technical analysis by Jeff Maish, Herant Khanjian, and Michael Schilling 210 $cGetty Publications 215 $a1 online resource 311 08$a1-60606-635-8 320 $aIncludes bibliographical references. 327 $aIntroduction -- Amber and the ancient world -- Jewelry: never just jewelry -- Amber magic? -- What is amber? -- Where is amber found? -- The properties of amber -- Ancient names for amber -- Color and other optical characteristics: ancient perception and reception -- Ancient literary sources on the origins of amber -- Amber and forgery -- The ancient transport of amber -- Literary sources on the use of amber -- Amber medicine, amber amulets -- The bronze age -- Early iron age and the orientalizing period -- The archaic and afterward -- The working of amber: ancient evidence and modern analysis -- The production of ancient figured amber objects -- Catalogue -- Technical essay: analysis of selected ambers from the collections of the J. Paul Getty Museum / Jeff Maish, Herant Khanjian, and Michael Schilling. 330 $a"This catalogue provides a general introduction to amber in the ancient world followed by detailed catalogue entries for fifty-six Etruscan, Greek, and Italic carved ambers from the J. Paul Getty Museum. The volume concludes with technical notes about scientific investigations of these objects and Baltic amber"--Provided by publisher. 606 $aArt objects$zCalifornia$zLos Angeles$vCatalogs 606 $aArt objects, Etruscan$vCatalogs 606 $aArt objects, Ancient$vCatalogs 606 $aAmber art objects$vCatalogs 608 $aCollection catalogs. 615 0$aArt objects 615 0$aArt objects, Etruscan 615 0$aArt objects, Ancient 615 0$aAmber art objects 676 $a709.0109794/94 700 $aCausey$b Faya$0983663 702 $aSchilling$b Michael$g(Michael Roy), 702 $aKhanjian$b Herant 702 $aMaish$b Jeffrey 712 02$aJ. Paul Getty Museum, 801 0$bMdBmJHUP 801 1$bMdBmJHUP 906 $aBOOK 912 $a9910404131803321 996 $aAncient Carved Ambers in the J. Paul Getty Museum$92439552 997 $aUNINA LEADER 03639nam 2201045z- 450 001 9910580203803321 005 20220706 035 $a(CKB)5690000000012052 035 $a(oapen)https://directory.doabooks.org/handle/20.500.12854/87494 035 $a(oapen)doab87494 035 $a(EXLCZ)995690000000012052 100 $a20202207d2022 |y 0 101 0 $aeng 135 $aurmn|---annan 181 $ctxt$2rdacontent 182 $cc$2rdamedia 183 $acr$2rdacarrier 200 00$aConservation Genetics for Management of Threatened Plant and Animal Species 210 $aBasel$cMDPI - Multidisciplinary Digital Publishing Institute$d2022 215 $a1 online resource (162 p.) 311 08$a3-0365-4441-0 311 08$a3-0365-4442-9 330 $aThis book focuses on conservation genetic (and genomic) papers that demonstrate applied outcomes that inform practical threatened species management. We cover a broad range of species and genetic approaches, but focus on how conservation genetic information is used to underpin management actions for species recovery. Through the exposition of a diversity of approaches, we aim to demonstrate to conservation managers and researchers how conservation genetics can inform on-ground species management. 606 $aBiology, life sciences$2bicssc 606 $aResearch & information: general$2bicssc 610 $aadaptive potential 610 $aallele retention 610 $aAra macao 610 $aCamphorosmoideae 610 $acaptive breeding 610 $aclimate drying 610 $aconservation 610 $aconservation genetics 610 $aconservation management 610 $acpDNA 610 $adisease 610 $adisjunct distribution 610 $aecosystem engineer 610 $aecotype 610 $aEucalyptus 610 $aevolutionarily significant unit 610 $aEvolutionarily Significant Units 610 $aex situ conservation 610 $agene flow 610 $agenetic diversity 610 $agenetic rescue 610 $agenetic restoration 610 $agenetic swamping 610 $ageographic expansion 610 $agolden bandicoot 610 $aGymnobelideus leadbeateri 610 $ahigh throughput sequencing 610 $ainbreeding 610 $aLeadbeater's possum 610 $alocally unique alleles 610 $amarsupial 610 $aMediterranean native trout 610 $amorphological deformities 610 $an/a 610 $anatural hybridisation 610 $aNGS 610 $apatchy abundance 610 $aphylogenetic 610 $aphylogeography 610 $apopulation fragmentation 610 $apopulation genetics 610 $apopulation structure 610 $apopulation viability analysis 610 $aPsittacidae 610 $aquenda 610 $aremnant 610 $asingle nucleotide polymorphism (SNP) markers 610 $asmall isolated population 610 $aSouth Australia 610 $asouthern brown bandicoot 610 $asupplementation 610 $ataxonomy 610 $athreatened marsupial 610 $atranslocation 610 $aXcaret 615 7$aBiology, life sciences 615 7$aResearch & information: general 700 $aOttewell$b Kym$4edt$01293854 702 $aByrne$b Margaret$4edt 702 $aOttewell$b Kym$4oth 702 $aByrne$b Margaret$4oth 906 $aBOOK 912 $a9910580203803321 996 $aConservation Genetics for Management of Threatened Plant and Animal Species$93022785 997 $aUNINA